[Event "Lueneburg op"]
[Site "Lueneburg"]
[Date "2014.08.16"]
[Round "8"]
[White "Rogozenco, Teodora Nana"]
[Black "Verhoef, Ruud"]
[Result "1/2-1/2"]
[WhiteElo "2026"]
[BlackElo "1878"]
[PlyCount "70"]
[EventDate "2014.08.09"]
[EventType "swiss"]
[EventRounds "9"]
[EventCountry "GER"]
[SourceTitle "CBM 161 Extra"]
[Source "ChessBase"]
[SourceDate "2014.08.29"]
[SourceVersion "1"]
[SourceVersionDate "2014.08.29"]
[SourceQuality "1"]

1. d4 Nf6 2. Nf3 e6 3. Bg5 h6 4. Bh4 c5 5. c3 cxd4 6. Bxf6 Qxf6 7. cxd4 g6 8. e4 d6 9. Nc3 Qe7 10. e5 Bg7 11. Bd3 0-0 12. 0-0 Nd7 13. Qe2 a6 14. Rac1 b5 15. a4 b4 16. exd6 Qxd6 17. Ne4 Qb6 18. Rc4 Bb7 19. Rfc1 Rac8 20. Nc5 Bxf3 21. Qxf3 Rcd8 22. a5 Qb5 23. R4c2 Qb8 24. Nxa6 Qd6 25. Bf1 Bxd4 26. Rc6 Qe5 27. Nxb4 Qxa5 28. Nd3 Ne5 29. Nxe5 Qxe5 30. b4 Rb8 31. b5 Bb6 32. R1c4 Qxb5 33. Qf4 Qf5 34. Qd2 h5 35. Rc2 Bd8 1/2-1/2

[Event "Lueneburg op"]
[Site "Lueneburg"]
[Date "2014.08.15"]
[Round "7"]
[White "Verhoef, Ruud"]
[Black "Bohnstorff, Michael"]
[Result "1/2-1/2"]
[WhiteElo "1878"]
[BlackElo "2044"]
[PlyCount "59"]
[EventDate "2014.08.09"]
[EventType "swiss"]
[EventRounds "9"]
[EventCountry "GER"]
[SourceTitle "CBM 161 Extra"]
[Source "ChessBase"]
[SourceDate "2014.08.29"]
[SourceVersion "1"]
[SourceVersionDate "2014.08.29"]
[SourceQuality "1"]

1. e4 e6 2. d4 c5 3. Nf3 cxd4 4. Nxd4 Nc6 5. Be3 Nf6 6. f3 d5 7. Nxc6 bxc6 8. e5 Nd7 9. f4 Ba6 10. Bxa6 Qa5+ 11. Nd2 Qxa6 12. Qe2 Qxe2+ 13. Kxe2 Bc5 14. Bxc5 Nxc5 15. b3 0-0 16. Nf3 Ne4 17. Nd2 Nc5 18. Nf3 Nd7 19. c4 a5 20. cxd5 cxd5 21. Rhc1 Rfc8 22. Nd4 Nc5 23. Rc2 Ne4 24. Rac1 Rxc2+ 25. Rxc2 g6 26. Rc7 Rb8 27. Nc6 Ra8 28. Nd4 Rb8 29. Nc6 Ra8 30. Nd4 1/2-1/2

[Event "Lueneburg op"]
[Site "Lueneburg"]
[Date "2014.08.09"]
[Round "1"]
[White "Hendriks, Willy"]
[Black "Verhoef, Ruud"]
[Result "1-0"]
[WhiteElo "2387"]
[BlackElo "1878"]
[PlyCount "69"]
[EventDate "2014.08.09"]
[EventType "swiss"]
[EventRounds "9"]
[EventCountry "GER"]
[SourceTitle "CBM 161 Extra"]
[Source "ChessBase"]
[SourceDate "2014.08.29"]
[SourceVersion "1"]
[SourceVersionDate "2014.08.29"]
[SourceQuality "1"]

1. e4 e5 2. Bc4 Nf6 3. d3 Nc6 4. Nf3 h6 5. 0-0 Bc5 6. c3 d6 7. Nbd2 0-0 8. Re1 a5 9. h3 a4 10. Bb5 a3 11. b4 Bb6 12. Nc4 Ba7 13. Nxa3 Qe7 14. Nc4 Be6 15. a4 Nxb4 16. cxb4 c6 17. Bxc6 bxc6 18. Be3 Bxe3 19. Nxe3 Qb7 20. Qd2 Rfb8 21. Reb1 Nh5 22. Kh2 Nf4 23. h4 Qa6 24. g3 Nh5 25. Qc3 Nf6 26. Kg1 Ng4 27. Nxg4 Bxg4 28. Nd2 Be6 29. Nc4 Rd8 30. b5 cxb5 31. axb5 Qb7 32. Rxa8 Qxa8 33. b6 Bc8 34. Qb4 Bb7 35. Nxd6 1-0

[Event "Korbach Goldflair op 1st"]
[Site "Korbach"]
[Date "2013.05.05"]
[Round "5"]
[White "Verhoef, Ruud"]
[Black "Schaeufele, Joerg"]
[Result "1/2-1/2"]
[WhiteElo "1954"]
[BlackElo "1832"]
[PlyCount "123"]
[EventDate "2013.05.03"]
[EventType "swiss"]
[EventRounds "5"]
[EventCountry "GER"]
[SourceTitle "CBM 154 Extra"]
[Source "ChessBase"]
[SourceDate "2013.06.25"]
[SourceVersion "2"]
[SourceVersionDate "2013.06.25"]
[SourceQuality "1"]

1. e4 e5 2. Nf3 Nf6 3. Nxe5 d6 4. Nf3 Nxe4 5. d4 d5 6. Bd3 Bd6 7. 0-0 0-0 8. c4 c6 9. Qc2 Bf5 10. Nc3 Re8 11. Re1 Bb4 12. a3 Bxc3 13. bxc3 Nd7 14. Bf4 Bg6 15. Re3 Qf6 16. Be5 Nxe5 17. Nxe5 Qg5 18. Nxg6 Qxg6 19. cxd5 cxd5 20. f3 Qg5 21. Rae1 Nf6 22. Rxe8+ Rxe8 23. Rxe8+ Nxe8 24. Bxh7+ Kh8 25. Bd3 Qe3+ 26. Kf1 Qf4 27. h3 Nd6 28. Kf2 Qh4+ 29. Kf1 Qf4 30. a4 g6 31. Qd1 Qh2 32. Qe2 Qf4 33. Qe5+ Qxe5 34. dxe5 Nc8 35. Bc2 Kg7 36. Bb3 Ne7 37. Ke2 f6 38. exf6+ Kxf6 39. h4 Ke5 40. g3 b6 41. f4+ Kf5 42. Kf3 Ke6 43. g4 a6 44. c4 Kd6 45. cxd5 Nxd5 46. Bc2 Ne7 47. Bd3 a5 48. Ke4 Nd5 49. Kf3 Ne7 50. h5 gxh5 51. gxh5 Ke6 52. h6 Kf6 53. h7 Kg7 54. Be4 Nc8 55. Ke3 Nd6 56. Kd4 b5 57. axb5 Nxb5+ 58. Kc5 Nc7 59. Kd6 Ne8+ 60. Ke5 a4 61. Kd4 Nf6 62. Bb1 1/2-1/2

[Event "Korbach Goldflair op 1st"]
[Site "Korbach"]
[Date "2013.05.03"]
[Round "1"]
[White "Verhoef, Ruud"]
[Black "Pabst, Olaf"]
[Result "1-0"]
[WhiteElo "1954"]
[BlackElo "1656"]
[PlyCount "79"]
[EventDate "2013.05.03"]
[EventType "swiss"]
[EventRounds "5"]
[EventCountry "GER"]
[SourceTitle "CBM 154 Extra"]
[Source "ChessBase"]
[SourceDate "2013.06.25"]
[SourceVersion "2"]
[SourceVersionDate "2013.06.25"]
[SourceQuality "1"]

1. e4 e6 2. d4 d5 3. Nc3 Nc6 4. Nf3 Nf6 5. Bg5 Be7 6. e5 Ne4 7. Bxe7 Qxe7 8. Bd3 Nxc3 9. bxc3 h6 10. 0-0 b6 11. Nd2 Bb7 12. f4 0-0-0 13. a4 a5 14. f5 Rdf8 15. f6 gxf6 16. Rxf6 Nb8 17. Qh5 Nd7 18. Rxh6 Qe8 19. Rf1 Rxh6 20. Qxh6 Kb8 21. Bb5 c6 22. Bd3 Ka7 23. Nf3 Rh8 24. Qf4 Rf8 25. Qe3 f5 26. exf6 Rxf6 27. Rb1 Qd8 28. Ne5 Nxe5 29. Qxe5 Qe7 30. Ra1 Rf7 31. Re1 Bc8 32. Ra1 c5 33. Bb5 c4 34. Rf1 Rxf1+ 35. Kxf1 Kb7 36. g4 Bd7 37. Bxd7 Qxd7 38. g5 Qf7+ 39. Qf6 Qe8 40. g6 1-0

[Event "Ghent op 19th"]
[Site "Ghent"]
[Date "1996.??.??"]
[Round "1"]
[White "Verhoef, Ruud"]
[Black "Kogan, Artur"]
[Result "0-1"]
[WhiteElo "1840"]
[BlackElo "2475"]
[PlyCount "64"]
[EventDate "1996.07.20"]
[EventType "swiss"]
[EventRounds "8"]
[EventCountry "BEL"]
[SourceTitle "EXT 2004"]
[Source "ChessBase"]
[SourceDate "2003.11.25"]
[SourceVersion "1"]
[SourceVersionDate "2003.11.25"]
[SourceQuality "1"]

1. e4 c5 2. Nc3 Nc6 3. Nf3 e6 4. d4 cxd4 5. Nxd4 Qc7 6. Be2 a6 7. 0-0 Nf6 8. Be3 Bb4 9. Bf3 Ne5 10. Nce2 b6 11. Bf4 Bb7 12. Bxe5 Qxe5 13. Ng3 h5 14. c3 Bd6 15. Re1 0-0-0 16. Qd3 g5 17. Rad1 Bc7 18. Be2 g4 19. Qe3 Rdg8 20. Bd3 h4 21. f4 Qxf4 22. Qxf4 Bxf4 23. Nge2 Be3+ 24. Kh1 h3 25. Ng3 Bf2 26. Re2 Bxg3 27. hxg3 Nh5 28. Kh2 hxg2 29. Kxg2 f5 30. Rf1 Nf6 31. Kg1 Nxe4 32. Bxe4 Bxe4 0-1